[Event "Catalunya-ch U12"]
[Site "Sabadell"]
[Date "2010.01.16"]
[Round "1.4"]
[White "Roma Pena, Gerard"]
[Black "Garcia Acosta, Carla"]
[Result "0-1"]
[WhiteElo "1700"]
[BlackElo "1832"]
[PlyCount "40"]
[EventDate "2010.01.16"]
[EventType "swiss"]
[EventRounds "6"]
[EventCountry "ESP"]
[SourceTitle "EXT 2024"]
[Source "ChessBase"]
[SourceDate "2023.10.10"]
[SourceVersion "1"]
[SourceVersionDate "2023.10.10"]
[SourceQuality "1"]

1. e3 e5 2. Nf3 Nc6 3. Nc3 Nf6 4. Bc4 d5 5. Bxd5 Nxd5 6. Nxd5 Qxd5 7. d3 Bg4 8. c4 Qd7 9. h3 Bxf3 10. Qxf3 Qxd3 11. Qe2 Qxe2+ 12. Kxe2 0-0-0 13. b3 Bb4 14. Bd2 Rxd2+ 15. Ke1 Rxa2+ 16. Kd1 Rxa1+ 17. Kc2 Rxh1 18. f4 exf4 19. exf4 Rd8 20. g3 Rd2# 0-1